Ideologías y gasto público en España (1814-1860) / por Miguel Beltrán
Descripción Física:
522 p. ; 19 cm
Colección:
Libros de bolsillo ; 41
MARC
| LEADER | 00000nam a2200000Ia 4500 | ||
|---|---|---|---|
| 001 | 673 | ||
| 008 | 160829s9999 xx 000 0 cat d | ||
| 080 | |a M-2-337 | ||
| 100 | |a Beltrán, Miguel |9 31730 | ||
| 245 | |a Ideologías y gasto público en España (1814-1860) / por Miguel Beltrán | ||
| 260 | |a [s.l.] : |b Instituto de Estudios Fiscales, DL 1977 | ||
| 300 | |a 522 p. ; |c 19 cm | ||
| 490 | |a Libros de bolsillo ; 41 | ||
| 590 | |a Bibliografia p. 505-522. Abans del títol: Ministerio de Hacienda | ||
| 650 | |a Finances públiques |x Espanya |x S.XIX |9 31731 | ||
| 650 | |a Política |x Espanya |x S.XIX |9 31732 | ||
| 901 | |a Arxiu | ||
| 942 | |n 1 | ||
| 952 | |0 0 |1 0 |4 0 |6 M2337 |7 1 |9 45740 |a Arxiu |b Arxiu |d 2016-12-01 |l 0 |o M-2-337 |p 673 |r 2016-12-01 00:00:00 |w 2016-12-01 |y ARXIU | ||
| 999 | |c 49240 |d 49240 | ||